El Navarrazo.
Guardado en:
| Formato: | |
|---|---|
| Materias: | |
| Etiquetas: |
Agregar Etiqueta
Sin Etiquetas, Sea el primero en etiquetar este registro!
|
| LEADER | 00851ngm a22002175g 4500 | ||
|---|---|---|---|
| 001 | CEM.cems022943 | ||
| 008 | 130507b2010##################0###0#####d | ||
| 005 | 20241127151818.0 | ||
| 245 | 0 | 0 | |a El Navarrazo. |
| 300 | |a 29'. | ||
| 500 | |a En soporte VHS, consultar en ventanilla. | ||
| 505 | 0 | |a La destitución de Ricardo Obregón Cano en Córdoba. Vinculación de Obregón Cano con la tendencia revolucionaria. Oposición del peronismo ortodoxo. La rebelión policial y destitución de Obregón Cano. | |
| 538 | |a Soporte: VHS - Norma: Pal N - Color: Si - Grabación DRD 2010 - Hitachi=3860 | ||
| 082 | 9 | 8 | |/ DEB |
| 653 | |a NAVARRAZO | ||
| 653 | |a OBREGON CANO | ||
| 653 | |a PERONISMO ORTODOXO | ||
| 653 | |a REVOLUCION | ||
| 653 | |a NIVEL PRIMARIO | ||
| 653 | |a NIVEL SECUNDARIO | ||
| 859 | |a CEMS |b BIB. CEMS - Depto. Recursos Didacticos |h 982 |i DEB |k DRD |p 1586.12 |t Ej.1 | ||
